BIBLIOTECA

SENCICO

Desarrollo integral de la linea de transmisión eléctrica 220 kv cotaruse - Las Bambas / (Registro nro. 4224)

Detalles MARC
000 -LEADER
fixed length control field 01142nam a22002657a 4500
003 - CONTROL NUMBER IDENTIFIER
control field PE SENCICO BE
005 - DATE AND TIME OF LATEST TRANSACTION
control field 20251020182639.0
008 - FIXED-LENGTH DATA ELEMENTS--GENERAL INFORMATION
fixed length control field 230704b |||||||| |||| 00| 0 eng d
040 ## - CATALOGING SOURCE
Original cataloging agency PE SENCICO BE
Transcribing agency PE SENCICO BE
041 ## - LANGUAGE CODE
Language code of text/sound track or separate title spa
084 ## - OTHER CLASSIFICATION NUMBER
Classification number I
-- TOP
-- 2017
Item number G96D
100 1# - MAIN ENTRY--PERSONAL NAME
9 (RLIN) 1203
Personal name Gutierrez Tuesta, Alexander Marcell
Relator term autor
245 1# - TITLE STATEMENT
Title Desarrollo integral de la linea de transmisión eléctrica 220 kv cotaruse - Las Bambas /
Statement of responsibility, etc. Alexander Marcell Gutierrez Tuesta
260 ## - PUBLICATION, DISTRIBUTION, ETC.
Place of publication, distribution, etc. Lima :
Date of publication, distribution, etc. 2017
300 ## - PHYSICAL DESCRIPTION
Extent 74 h. :
Other physical details il. col., diagrs. ;
Dimensions 29 cm.
502 ## - DISSERTATION NOTE
Dissertation note Monografía de Titulación.-- Servicio Nacional de Capacitación para la Industria de la Construcción. Escuela Superior Técnica. Carrera Profesional Técnica en Topografía y Geodesía, 2017.
650 14 - SUBJECT ADDED ENTRY--TOPICAL TERM
9 (RLIN) 4
Topical term or geographic name entry element Topografía
650 24 - SUBJECT ADDED ENTRY--TOPICAL TERM
9 (RLIN) 911
Topical term or geographic name entry element GPS
650 20 - SUBJECT ADDED ENTRY--TOPICAL TERM
9 (RLIN) 1085
Topical term or geographic name entry element Imágenes satélitales
650 24 - SUBJECT ADDED ENTRY--TOPICAL TERM
9 (RLIN) 116
Topical term or geographic name entry element Levantamiento topográfico
650 24 - SUBJECT ADDED ENTRY--TOPICAL TERM
9 (RLIN) 1105
Topical term or geographic name entry element Distribución de energía eléctrica
710 1# - ADDED ENTRY--CORPORATE NAME
Corporate name or jurisdiction name as entry element Servicio Nacional de Capacitación para la Industria de la Construcción.
Subordinate unit Escuela Superior Técnica
9 (RLIN) 1065
910 ## - USER-OPTION DATA (OCLC)
-- hfp
-- hfp
942 ## - ADDED ENTRY ELEMENTS (KOHA)
Koha item type Monografía de Titulación
Existencias
Fecha de la última vez que lo usaron Número de ingreso o de inventario Pago total Signatura topográfica completa Precio efectivo desde Tipo de documento Estado perdido Estado dañado No es para préstamo Retirado Ubicación permanente Ubicación actual Fecha de adquisición
04/07/2023 I-00062   I/TOP/2017/G96D 04/07/2023 Monografía de Titulación         Biblioteca Central Lima Biblioteca Central Lima 04/07/2023